|
|
|
|
| LEADER |
00000nla2a2200000 4500 |
| 001 |
661111 |
| 005 |
20240128190546.0 |
| 035 |
|
|
|a (RuTPU)RU\TPU\network\31345
|
| 035 |
|
|
|a RU\TPU\network\31344
|
| 090 |
|
|
|a 661111
|
| 100 |
|
|
|a 20191120a2019 k y0rusy50 ba
|
| 101 |
0 |
|
|a eng
|
| 102 |
|
|
|a RU
|
| 105 |
|
|
|a y z 100zy
|
| 135 |
|
|
|a drgn ---uucaa
|
| 181 |
|
0 |
|a i
|
| 182 |
|
0 |
|a b
|
| 200 |
1 |
|
|a Obtaining of heteromodulus ZRC-based composite materials, their structure and properties
|f Yu. A. Mirovoy, A. G. Burlachenko, S. P. Buyakova
|
| 203 |
|
|
|a Text
|c electronic
|
| 225 |
1 |
|
|a Научные основы разработки материалов с многоуровневой иерархической структурой, в том числе для экстремальных условий эксплуатации: - материалы для авиакосмической и транспортной промышленности; - материалы для ядерной энергетики; - материалы для работы в условиях арктического климата; - материалы для медицины
|
| 300 |
|
|
|a Заглавие с экрана
|
| 320 |
|
|
|a [Библиогр.: с. 409 (6 назв.)]
|
| 333 |
|
|
|a Режим доступа: по договору с организацией-держателем ресурса
|
| 463 |
|
0 |
|0 (RuTPU)RU\TPU\network\31158
|t Иерархические материалы: разработка и приложения для новых технологий и надежных конструкций
|o международный междисциплинарный симпозиум, 1-5 октября 2019 г., Томск, Россия
|o тезисы докладов International Workshop "Multiscale Biomechanics and Tribology of Inorganic and Organic Systems"
|o тезисы докладов международной конференции "Перспективные материалы с иерархической структурой для новых технологий и надежных конструкций"
|o тезисы докладов международной конференции "Химия нефти и газа: добыча, подготовка, транспорт нефти и газа"
|f Российская академия наук (РАН), Сибирское отделение (СО), Институт физики прочности и материаловедения (ИФПМ) ; Институт химии нефти (ИХН)
|v [С. 409]
|d 2019
|
| 610 |
1 |
|
|a электронный ресурс
|
| 610 |
1 |
|
|a труды учёных ТПУ
|
| 610 |
1 |
|
|a композиционные материалы
|
| 610 |
1 |
|
|a структура
|
| 610 |
1 |
|
|a свойства
|
| 610 |
1 |
|
|a углерод
|
| 610 |
1 |
|
|a трещиностойкость
|
| 610 |
1 |
|
|a гетеромодульные материалы
|
| 610 |
1 |
|
|a карбид циркония (ZrC)
|
| 610 |
1 |
|
|a пористость
|
| 610 |
1 |
|
|a горячее прессование
|
| 700 |
|
1 |
|a Mirovoy
|b Yu. A.
|c specialist in the field of material science
|c Assistant of the Department of Tomsk Polytechnic University
|f 1992-
|g Yury Aleksandrovich
|3 (RuTPU)RU\TPU\pers\40241
|
| 701 |
|
1 |
|a Burlachenko
|b A. G.
|
| 701 |
|
1 |
|a Buyakova
|b S. P.
|c specialist in the field of material science
|c Professor of Tomsk Polytechnic University, Doctor of technical sciences
|f 1968-
|g Svetlana Petrovna
|3 (RuTPU)RU\TPU\pers\34758
|9 18108
|
| 712 |
0 |
2 |
|a Национальный исследовательский Томский политехнический университет
|b Инженерная школа новых производственных технологий
|b Отделение материаловедения
|3 (RuTPU)RU\TPU\col\23508
|
| 801 |
|
2 |
|a RU
|b 63413507
|c 20191126
|g RCR
|
| 856 |
4 |
|
|u https://elibrary.ru/item.asp?id=41207146
|
| 942 |
|
|
|c CF
|